Вып. 134 : Анализ данных и знаний в экспертных системах; Вычислительные системы

Dettagli Bibliografici
Parent link:Вычислительные системы: сборник научных трудов/ Академия наук СССР (АН СССР), Сибирское отделение (СО), Институт математики. Вып. 134 : Анализ данных и знаний в экспертных системах.— : [Б. и.], 1964-2008
Altri autori: Загоруйко Н. Г. (редактор)
Lingua:russo
Pubblicazione: 1990
Soggetti:
Natura: MixedMaterials Libro
KOHA link:https://koha.lib.tpu.ru/cgi-bin/koha/opac-detail.pl?biblionumber=137005

MARC

LEADER 00000nam2a2200000 4500
001 137005
005 20231101220644.0
035 |a (RuTPU)RU\TPU\book\148491 
090 |a 137005 
100 |a 20080503d1990 k y0rusy50 ca 
101 0 |a rus 
102 |a RU 
105 |a a z 001zy 
200 0 |a Вып. 134 : Анализ данных и знаний в экспертных системах  |f науч. ред. Н. Г. Загоруйко 
210 |d 1990 
215 |a 159 с.  |c ил. 
320 |a Библиография в конце статей 
461 1 |0 (RuTPU)RU\TPU\book\41273  |t Вычислительные системы  |o сборник научных трудов  |f Академия наук СССР (АН СССР), Сибирское отделение (СО), Институт математики  |v Вып. 134 : Анализ данных и знаний в экспертных системах  |n [Б. и.]  |d 1964-2008 
606 1 |a Вычислительные системы  |2 stltpush  |3 (RuTPU)RU\TPU\subj\67468  |9 83253 
606 1 |a Экспертные системы  |2 stltpush  |3 (RuTPU)RU\TPU\subj\26793  |9 50643 
610 1 |a данные 
610 1 |a анализ 
610 1 |a эмпирические таблицы 
610 1 |a заполнение 
610 1 |a прогноз 
610 1 |a ошибки 
610 1 |a оценивание 
610 1 |a программные системы 
610 1 |a алгоритмы распознавания 
610 1 |a регрессия 
610 1 |a многомерные динамические процессы 
610 1 |a синхронизация 
610 1 |a системы распознавания 
610 1 |a сигналы 
610 1 |a первичная обработка 
610 1 |a искаженные речевые сигналы 
610 1 |a информация 
675 |a 681.324  |v 3 
675 |a 681.518.2  |v 3 
702 1 |a Загоруйко  |b Н. Г.  |4 340 
801 1 |a RU  |b 63413507  |c 20080503  |g PSBO 
801 2 |a RU  |b 63413507  |c 20170207  |g PSBO 
942 |c BK